| 000 | 00760nam a2200229 u 4500 | ||
|---|---|---|---|
| 005 | 20220921063449.0 | ||
| 008 | 160628s2003 es r 000 0 spa d | ||
| 020 | _a9788424111489 | ||
| 035 | _aUPN01000211748 | ||
| 049 | _aI | ||
| 050 | 4 |
_aPZ76.3 _bL3.2 |
|
| 100 | 1 |
_aLaw, Felicia _932119 |
|
| 245 | 1 | 3 |
_aEl anillo del hada / _cFelicia Law ; il. Claire Philpott ; tr. María Nevares Domínguez. |
| 260 |
_aLeón, Esp. : _bEverest, _c2003. |
||
| 300 |
_a29 p. : _bil. col. |
||
| 440 | 0 | _aBambú, Terciopelo y Pico | |
| 534 |
_pTítulo original : _tBamboo, Velvet and Beak : the fairy ring |
||
| 650 | 0 |
_aAnimales _vCuentos y leyendas _9234 |
|
| 650 | 7 |
_aBiología _vLiteratura infantil _2 _94652 |
|
| 650 | 4 |
_aCuentos infantiles _96744 |
|
| 905 | _aInfantil | ||
| 999 |
_c183849 _d183849 |
||